Personnalités de A à Z (14) - Statistiques

Statistiques générales
  • Ce quiz a été pris 84 fois
  • Le résultat moyen est 9 sur 23
Statistiques - réponses
Par images Réponse % Correct
Tom {Cruise}
88%
Thomas {Pesquet}
84%
Tony {Estanguet}
68%
Thomas d'{Aquin}
63%
Thomas {Dutronc}
63%
Théophile {Gautier}
55%
Thierry {Beccaro}
52%
Thierry {Roland}
47%
Tony {Yoka}
44%
Victor {Wembanyama}
44%
Thierry {Omeyer}
39%
Thomas {Ngijol}
39%
Thierry {Le Luron}
36%
Thomas {Sotto}
33%
Thomas {Jefferson}
25%
Thomas {Fersen}
21%
Thomas {Hugues}
21%
Yann {Queffélec}
16%
Valéry {Zeitoun}
12%
Thomas {More}
11%
Tristan {Tzara}
9%
Thomas {Keller}
0%
Victor {Vasarely}
0%
Aucun quiz correspondant
Distribution des résultats
% des personnes avec chaque résultat
Percentile par nombre de réponses
Votre historique - résultats
Vous n’avez pas pris ce quiz